000 00606nam a2200277Ia 4500
005 20260127112934.0
008 008 260114s9999 xx 000 0 eng d
020 _a9780521146883
037 _aTextbook
040 _aPSDL
040 _beng
040 _cPSDL
041 _2eng
041 _aeng
084 _aW Q1
084 _qPSDL
245 0 _aPolitical Philosophy Versus History?
260 _aNew York
260 _bCambridge University Press
260 _c2011
300 _a228p.
942 _cTB
942 _hW Q1
999 _c1673463
_d1673463